[Event "Magistral Endesa Norma MI 2008"]
[Site "Santiago de Chile"]
[Date "2008.10.13"]
[Round "1.1"]
[White "Alonso, Salvador"]
[Black "Jorquera Cahuin, Marcelo"]
[Result "1-0"]
[WhiteElo "2466"]
[BlackElo "2310"]
[PlyCount "81"]
[EventDate "2008.10.13"]
[EventType "tourn"]
[EventRounds "11"]
[EventCountry "CHI"]
[EventCategory "4"]
[Source "lmi"]
[SourceDate "2008.10.13"]

1. e4 d5 2. exd5 Nf6 3. d4 Bg4 4. Nf3 Qxd5 5. Be2 Nc6 6. h3 Bxf3 7. Bxf3 Qd7 8.
c3 O-O-O 9. Qa4 e5 10. Bxc6 Qxc6 11. Qxc6 bxc6 12. dxe5 Re8 13. f4 Nd5 14. O-O
Bc5+ 15. Kh2 f6 16. Nd2 fxe5 17. Ne4 Be3 18. f5 Ref8 19. Rf3 Bf4+ 20. g3 Bxc1
21. Rxc1 Rd8 22. Re1 Rhe8 23. Rf2 Re7 24. g4 Nf4 25. Re3 h6 26. Nc5 Nd5 27. Re1
Nf6 28. Rfe2 Rd5 29. Ne6 e4 30. Nf4 Ra5 31. a3 Rd7 32. Kg3 Rf7 33. Kh4 Rd7 34.
Nh5 Nxh5 35. Kxh5 Rd6 36. Kh4 Rb5 37. b4 Rd3 38. c4 Re5 39. Rxe4 Rxe4 40. Rxe4
Kd7 41. Kh5 1-0

[Event "Magistral Endesa Norma MI 2008"]
[Site "Santiago de Chile"]
[Date "2008.10.13"]
[Round "1.2"]
[White "Luconi, Cristian"]
[Black "Sepulveda Herrera, Job Rodrigo"]
[Result "0-1"]
[WhiteElo "2300"]
[BlackElo "2325"]
[PlyCount "63"]
[EventDate "2008.10.13"]
[EventType "tourn"]
[EventRounds "11"]
[EventCountry "CHI"]
[EventCategory "4"]
[Source "lmi"]
[SourceDate "2008.10.13"]

1. d4 d5 2. Nf3 Nf6 3. Bf4 e6 4. Nbd2 Bd6 5. Bg3 b6 6. e3 Bb7 7. Bd3 O-O 8. Ne5
c5 9. c3 Nc6 10. f4 Rc8 11. Qf3 a6 12. O-O g6 13. Bh4 Be7 14. Bg5 Ne8 15. Bh6
Ng7 16. Qh3 f5 17. Ndf3 Nxe5 18. Nxe5 Bf6 19. Nf3 b5 20. g4 b4 21. g5 Be7 22.
Ne5 Qe8 23. Rf3 Bd6 24. cxb4 cxd4 25. exd4 Bxb4 26. Qf1 Qa4 27. Bxg7 Kxg7 28.
Qh3 Ba5 29. Qh6+ Kg8 30. Kf1 Qxd4 31. Rd1 Bb6 32. Ke2 0-1

[Event "Magistral Endesa Norma MI 2008"]
[Site "Santiago de Chile"]
[Date "2008.10.13"]
[Round "1.3"]
[White "Cortes Moyano, Julio"]
[Black "Lopez Silva, Hugo Andres"]
[Result "0-1"]
[WhiteElo "2286"]
[BlackElo "2394"]
[PlyCount "52"]
[EventDate "2008.10.13"]
[EventType "tourn"]
[EventRounds "11"]
[EventCountry "CHI"]
[EventCategory "4"]
[Source "lmi"]
[SourceDate "2008.10.13"]

1. e4 e5 2. Nf3 Nc6 3. Bc4 Bc5 4. c3 Nf6 5. d3 d6 6. Bb3 a6 7. Nbd2 O-O 8. h3
Ba7 9. Nf1 Ne7 10. Nh4 Nd7 11. g4 Nc5 12. Bc2 d5 13. Qe2 dxe4 14. dxe4 Ng6 15.
Ng2 Bd7 16. a4 b5 17. a5 Be6 18. Nd2 Qd7 19. b4 Nb7 20. Bb3 c5 21. O-O Rad8 22.
Bc2 Rc8 23. Bb3 cxb4 24. Bxe6 fxe6 25. cxb4 Rc3 26. Ra3 Rxc1 0-1

[Event "Magistral Endesa Norma MI 2008"]
[Site "Santiago de Chile"]
[Date "2008.10.13"]
[Round "1.4"]
[White "Valenzuela Fuentealba, Luis"]
[Black "Vargas Maliqueo, Ivan Patricio"]
[Result "1-0"]
[WhiteElo "2434"]
[BlackElo "2209"]
[PlyCount "95"]
[EventDate "2008.10.13"]
[EventType "tourn"]
[EventRounds "11"]
[EventCountry "CHI"]
[EventCategory "4"]
[Source "lmi"]
[SourceDate "2008.10.13"]

1. d4 Nf6 2. Nf3 g6 3. c4 d6 4. Nc3 Bg7 5. e4 O-O 6. Be2 e5 7. d5 Na6 8. Bg5 h6
9. Bh4 Qe8 10. Nd2 c6 11. Rb1 cxd5 12. cxd5 Bd7 13. Nc4 Qb8 14. a4 g5 15. Bg3
Nc5 16. Nd2 Nfxe4 17. Ndxe4 Nxe4 18. Nxe4 f5 19. Nc3 f4 20. Bg4 Qc8 21. Bxd7
Qxd7 22. O-O fxg3 23. hxg3 Rac8 24. Qd3 a6 25. b3 Rc7 26. Ne4 Rfc8 27. Qe3 Kh8
28. Rbc1 Bf8 29. Rxc7 Qxc7 30. Qf3 Qe7 31. Qf5 Rc7 32. Re1 Kg7 33. Re3 Qf7 34.
g4 Qxf5 35. gxf5 Rc1+ 36. Kh2 Be7 37. g4 Rd1 38. Rc3 Bd8 39. Rc8 Ba5 40. f6+
Kf7 41. Rh8 Rxd5 42. Rxh6 Bd2 43. Rh7+ Kf8 44. f7 Bf4+ 45. Kg2 Ke7 46. Nf6 Rc5
47. Ng8+ Kf8 48. Nh6 1-0

[Event "Magistral Endesa Norma MI 2008"]
[Site "Santiago de Chile"]
[Date "2008.10.13"]
[Round "1.5"]
[White "Valiente, Cristobal"]
[Black "Needleman, Alejandro"]
[Result "1/2-1/2"]
[WhiteElo "2254"]
[BlackElo "2361"]
[PlyCount "54"]
[EventDate "2008.10.13"]
[EventType "tourn"]
[EventRounds "11"]
[EventCountry "CHI"]
[EventCategory "4"]
[Source "lmi"]
[SourceDate "2008.10.13"]

1. Nf3 c5 2. c4 Nf6 3. Nc3 d5 4. d4 cxd4 5. Nxd5 Nxd5 6. cxd5 Qa5+ 7. Qd2 Qxd5
8. Qxd4 Qxd4 9. Nxd4 Bd7 10. g3 e5 11. Nf3 Bc6 12. Bg2 Bb4+ 13. Kf1 Nd7 14. Be3
f6 15. a3 Bc5 16. Bxc5 Nxc5 17. Rc1 Ne6 18. Nd2 Bxg2+ 19. Kxg2 Ke7 20. Nc4 Rhd8
21. a4 Rd5 22. e3 Rad8 23. Kf3 R8d7 24. Rc2 Rd3 25. Ke2 Rb3 26. Nd2 Rb4 27. Ra1
h5 1/2-1/2

[Event "Magistral Endesa Norma MI 2008"]
[Site "Santiago de Chile"]
[Date "2008.10.13"]
[Round "1.6"]
[White "Duarte, Leonardo"]
[Black "Valdes Escobar, Alvaro Daniel"]
[Result "1/2-1/2"]
[WhiteElo "2341"]
[BlackElo "2354"]
[PlyCount "36"]
[EventDate "2008.10.13"]
[EventType "tourn"]
[EventRounds "11"]
[EventCountry "CHI"]
[EventCategory "4"]
[Source "lmi"]
[SourceDate "2008.10.13"]

1. e4 c5 2. Nf3 d6 3. d4 cxd4 4. Nxd4 Nf6 5. Nc3 a6 6. f4 e5 7. Nf3 Nbd7 8. Bd3
Be7 9. O-O O-O 10. a4 Qc7 11. Nh4 exf4 12. Nf5 Ne5 13. Nxe7+ Qxe7 14. Bxf4 Bg4
15. Be2 Bxe2 16. Qxe2 Qe6 17. Rad1 Rfe8 18. Nd5 Nxd5 1/2-1/2

[Event "Magistral Endesa Norma MI 2008"]
[Site "Santiago de Chile"]
[Date "2008.10.14"]
[Round "2.1"]
[White "Jorquera Cahuin, Marcelo"]
[Black "Valdes Escobar, Alvaro Daniel"]
[Result "1/2-1/2"]
[WhiteElo "2310"]
[BlackElo "2354"]
[PlyCount "120"]
[EventDate "2008.10.13"]
[EventType "tourn"]
[EventRounds "11"]
[EventCountry "CHI"]
[EventCategory "4"]
[Source "lmi"]
[SourceDate "2008.10.13"]

1. e4 c5 2. Nf3 d6 3. d4 cxd4 4. Nxd4 Nf6 5. Nc3 a6 6. h3 e6 7. g4 d5 8. exd5
Nxd5 9. Nde2 Bb4 10. Bd2 Nb6 11. Be3 Qxd1+ 12. Rxd1 Nc4 13. Bc1 Bd7 14. Bg2 Bc6
15. O-O Bxg2 16. Kxg2 Nc6 17. Ne4 b5 18. c3 Be7 19. b3 N4a5 20. Nd6+ Bxd6 21.
Rxd6 Ke7 22. Rfd1 Rhd8 23. Ba3 Rxd6 24. Bxd6+ Ke8 25. Ba3 Nb7 26. Ng3 Rd8 27.
Rxd8+ Nbxd8 28. Nh5 f6 29. Nxg7+ Kf7 30. Nh5 a5 31. Kf3 f5 32. Ke3 Kg6 33. Kf3
Nf7 34. Nf4+ Kf6 35. Nd3 e5 36. Kg2 e4 37. Nc5 Nfe5 38. Kg3 Ne7 39. Nb7 Nd5 40.
Nxa5 f4+ 41. Kg2 Nxc3 42. Bb2 b4 43. Nc4 Nxc4 44. bxc4 Ke6 45. h4 Nxa2 46. h5
Nc3 47. c5 Na4 48. Bd4 b3 49. g5 Kf7 50. c6 Nb6 51. c7 Nc8 52. Kh3 Ne7 53. Kg4
e3 54. fxe3 fxe3 55. Kf3 Ke6 56. g6 h6 57. Kxe3 Nd5+ 58. Kd3 Nxc7 59. Be3 Nd5
60. Bxh6 Nf6 1/2-1/2

[Event "Magistral Endesa Norma MI 2008"]
[Site "Santiago de Chile"]
[Date "2008.10.14"]
[Round "2.2"]
[White "Needleman, Alejandro"]
[Black "Duarte, Leonardo"]
[Result "1/2-1/2"]
[WhiteElo "2361"]
[BlackElo "2341"]
[PlyCount "21"]
[EventDate "2008.10.13"]
[EventType "tourn"]
[EventRounds "11"]
[EventCountry "CHI"]
[EventCategory "4"]
[Source "lmi"]
[SourceDate "2008.10.13"]

1. Nf3 Nf6 2. c4 e6 3. e3 Be7 4. Be2 O-O 5. O-O d5 6. b3 Nbd7 7. Bb2 c6 8. d3
b5 9. Nbd2 bxc4 10. dxc4 a5 11. Qc2 1/2-1/2

[Event "Magistral Endesa Norma MI 2008"]
[Site "Santiago de Chile"]
[Date "2008.10.14"]
[Round "2.3"]
[White "Vargas Maliqueo, Ivan Patricio"]
[Black "Valiente, Cristobal"]
[Result "1/2-1/2"]
[WhiteElo "2209"]
[BlackElo "2254"]
[PlyCount "59"]
[EventDate "2008.10.13"]
[EventType "tourn"]
[EventRounds "11"]
[EventCountry "CHI"]
[EventCategory "4"]
[Source "lmi"]
[SourceDate "2008.10.13"]

1. Nf3 Nf6 2. d4 c5 3. c4 cxd4 4. Nxd4 e6 5. Nc3 Bb4 6. Ndb5 O-O 7. a3 Bxc3+ 8.
Nxc3 d5 9. cxd5 Nxd5 10. Nxd5 exd5 11. g3 Nc6 12. Bg2 Be6 13. O-O Qd7 14. b4
Rad8 15. Bb2 f6 16. Qa4 a6 17. Rfd1 Ne5 18. Qxd7 Rxd7 19. Bd4 Rc8 20. Bc5 Nc4
21. e4 dxe4 22. Rxd7 Bxd7 23. Bxe4 Bc6 24. Bxc6 Rxc6 25. Re1 b6 26. Re8+ Kf7
27. Re7+ Kg6 28. Be3 Nxa3 29. Ra7 Nc2 30. Rxa6 1/2-1/2

[Event "Magistral Endesa Norma MI 2008"]
[Site "Santiago de Chile"]
[Date "2008.10.14"]
[Round "2.4"]
[White "Lopez Silva, Hugo Andres"]
[Black "Valenzuela Fuentealba, Luis"]
[Result "0-1"]
[WhiteElo "2394"]
[BlackElo "2434"]
[PlyCount "61"]
[EventDate "2008.10.13"]
[EventType "tourn"]
[EventRounds "11"]
[EventCountry "CHI"]
[EventCategory "4"]
[Source "lmi"]
[SourceDate "2008.10.13"]

1. e4 c5 2. Nf3 d6 3. d4 cxd4 4. Nxd4 Nf6 5. Nc3 a6 6. Be3 e5 7. Nb3 Be7 8. f3
O-O 9. Qd2 Be6 10. O-O-O Nbd7 11. g4 b5 12. g5 b4 13. Ne2 Ne8 14. f4 a5 15. Kb1
a4 16. Nbc1 exf4 17. Bxf4 Nc5 18. Bg2 Qb6 19. Nd4 g6 20. Nf5 gxf5 21. exf5 Bxf5
22. Bxa8 b3 23. Rde1 Bxc2+ 24. Ka1 a3 25. Rxe7 axb2+ 26. Kxb2 Na4+ 27. Ka3 bxa2
28. Qxc2 a1=Q+ 29. Na2 Qab2+ 30. Qxb2 Qxb2+ 31. Kxa4 0-1

[Event "Magistral Endesa Norma MI 2008"]
[Site "Santiago de Chile"]
[Date "2008.10.14"]
[Round "2.6"]
[White "Alonso, Salvador"]
[Black "Luconi, Cristian"]
[Result "1/2-1/2"]
[WhiteElo "2466"]
[BlackElo "2300"]
[PlyCount "24"]
[EventDate "2008.10.13"]
[EventType "tourn"]
[EventRounds "11"]
[EventCountry "CHI"]
[EventCategory "4"]
[Source "lmi"]
[SourceDate "2008.10.13"]

1. e4 d5 2. exd5 Nf6 3. d4 Nxd5 4. Nf3 g6 5. g3 Bg7 6. Bg2 Nc6 7. O-O O-O 8. c3
Nb6 9. Qe2 Be6 10. Rd1 Qc8 11. Nbd2 Bg4 12. Nf1 e5 1/2-1/2

[Event "Magistral Endesa Norma MI 2008"]
[Site "Santiago de Chile"]
[Date "2008.10.15"]
[Round "3.1"]
[White "Luconi, Cristian"]
[Black "Jorquera Cahuin, Marcelo"]
[Result "1/2-1/2"]
[WhiteElo "2300"]
[BlackElo "2310"]
[PlyCount "58"]
[EventDate "2008.10.13"]
[EventType "tourn"]
[EventRounds "11"]
[EventCountry "CHI"]
[EventCategory "4"]
[Source "lmi"]
[SourceDate "2008.10.13"]

1. d4 Nf6 2. Nf3 g6 3. Bg5 Bg7 4. Nbd2 d6 5. c3 O-O 6. e4 c5 7. dxc5 dxc5 8.
Be2 Nc6 9. O-O Qc7 10. Qc2 h6 11. Bh4 Nh5 12. Rfe1 g5 13. Bg3 Nxg3 14. hxg3 b6
15. Nc4 Rd8 16. Ne3 e6 17. Rf1 Bb7 18. Nh2 Rd7 19. f4 Rad8 20. Rad1 Rxd1 21.
Bxd1 Ne7 22. Bh5 Rf8 23. e5 f5 24. exf6 Rxf6 25. fxg5 Rxf1+ 26. Nexf1 hxg5 27.
Bg4 Qe5 28. Nf3 Bxf3 29. gxf3 Nf5 1/2-1/2

[Event "Magistral Endesa Norma MI 2008"]
[Site "Santiago de Chile"]
[Date "2008.10.15"]
[Round "3.2"]
[White "Cortes Moyano, Julio"]
[Black "Alonso, Salvador"]
[Result "0-1"]
[WhiteElo "2286"]
[BlackElo "2466"]
[PlyCount "140"]
[EventDate "2008.10.13"]
[EventType "tourn"]
[EventRounds "11"]
[EventCountry "CHI"]
[EventCategory "4"]
[Source "lmi"]
[SourceDate "2008.10.13"]

1. e4 c5 2. c3 d5 3. exd5 Qxd5 4. d4 Nf6 5. Nf3 e6 6. Bd3 Be7 7. O-O O-O 8. Be3
Rd8 9. Bc2 b6 10. dxc5 Qb7 11. Qe2 bxc5 12. Rd1 Rxd1+ 13. Bxd1 Qc7 14. Nbd2 Ba6
15. Nc4 Nbd7 16. Nfd2 Rd8 17. Qf3 Nd5 18. Bc2 Nxe3 19. Nxe3 Ne5 20. Qh3 g6 21.
Nb3 Nd3 22. Bxd3 Bxd3 23. Rd1 c4 24. Nc1 a5 25. Qf3 a4 26. Rd2 a3 27. bxa3 Bxa3
28. Nxd3 cxd3 29. c4 Bb4 30. Rd1 f5 31. h4 Qe5 32. g3 Bc5 33. Kf1 Kg7 34. Qf4
Qxf4 35. gxf4 Rd4 36. Ng2 Kf6 37. a4 Rxc4 38. Rxd3 Rxa4 39. Rd2 Rd4 40. Rxd4
Bxd4 41. Ke2 Ke7 42. Kf3 Kd6 43. Ke2 Kd5 44. f3 Kc4 45. Ne1 Bf6 46. Ng2 Kc3 47.
Ke3 Bd8 48. Ke2 Be7 49. Ke3 Bf6 50. Ke2 Bg7 51. Ne3 Bh6 52. Ng2 Kd4 53. Kf1 Kd3
54. Kf2 Kd2 55. Kf1 Bf8 56. Kf2 Bc5+ 57. Kf1 Bb6 58. Ne1 Ke3 59. Kg2 Ba5 60.
Nc2+ Kxf4 61. Nd4 e5 62. Ne6+ Ke3 63. Nc5 Bb4 64. Nd7 Bd6 65. Nb6 Kd4 66. Na4
h5 67. Nb2 Be7 68. Kg3 e4 69. fxe4 fxe4 70. Nd1 Bxh4+ 0-1

[Event "Magistral Endesa Norma MI 2008"]
[Site "Santiago de Chile"]
[Date "2008.10.15"]
[Round "3.3"]
[White "Valenzuela Fuentealba, Luis"]
[Black "Sepulveda Herrera, Job Rodrigo"]
[Result "1/2-1/2"]
[WhiteElo "2434"]
[BlackElo "2325"]
[PlyCount "35"]
[EventDate "2008.10.13"]
[EventType "tourn"]
[EventRounds "11"]
[EventCountry "CHI"]
[EventCategory "4"]
[Source "lmi"]
[SourceDate "2008.10.13"]

1. d4 d5 2. c4 dxc4 3. Nf3 a6 4. e3 b5 5. a4 Bb7 6. axb5 axb5 7. Rxa8 Bxa8 8.
b3 e6 9. bxc4 bxc4 10. Bxc4 Nf6 11. Qa4+ Bc6 12. Bb5 Bxb5 13. Qxb5+ c6 14. Qa4
Be7 15. O-O O-O 16. Ba3 Bxa3 17. Nxa3 Qd5 18. Nb1 1/2-1/2

[Event "Magistral Endesa Norma MI 2008"]
[Site "Santiago de Chile"]
[Date "2008.10.15"]
[Round "3.4"]
[White "Valiente, Cristobal"]
[Black "Lopez Silva, Hugo Andres"]
[Result "0-1"]
[WhiteElo "2254"]
[BlackElo "2394"]
[PlyCount "116"]
[EventDate "2008.10.13"]
[EventType "tourn"]
[EventRounds "11"]
[EventCountry "CHI"]
[EventCategory "4"]
[Source "lmi"]
[SourceDate "2008.10.13"]

1. c4 c5 2. Nf3 Nc6 3. Nc3 g6 4. g3 Bg7 5. Bg2 Nf6 6. O-O d5 7. d3 O-O 8. Bd2
b6 9. Nxd5 Nxd5 10. cxd5 Qxd5 11. Bc3 Qd6 12. a3 Bb7 13. Rb1 Bxc3 14. bxc3 c4
15. Nd4 cxd3 16. exd3 Rab8 17. Nb5 Qd7 18. a4 Ne5 19. Bxb7 Rxb7 20. Nd4 Rc8 21.
Rc1 Rbc7 22. Nb5 Rb7 23. Qe2 Qd5 24. Nd4 Rbc7 25. Rfe1 f6 26. Qe4 Qxe4 27. Rxe4
Nxd3 28. Ra1 e5 29. Ne2 Rc4 30. Rxc4 Rxc4 31. a5 b5 32. a6 Kf7 33. Rb1 Rc5 34.
Rd1 Rd5 35. Kf1 Ke7 36. Nd4 exd4 37. Rxd3 Kd6 38. cxd4 Kc6 39. Ke2 Kb6 40. Ke3
Kxa6 41. Ke4 Rd6 42. d5 b4 43. Kd4 Kb5 44. Rd1 a5 45. Rc1 b3 46. Kc3 a4 47. Rd1
Kc5 48. Ra1 Ra6 49. Rd1 Rb6 50. Kb2 Rd6 51. Ka3 Rxd5 52. Rc1+ Kb5 53. Rc8 Rd2
54. Rb8+ Kc4 55. Rc8+ Kd3 56. Kxa4 b2 57. Rb8 Kc2 58. Rc8+ Kd1 0-1

[Event "Magistral Endesa Norma MI 2008"]
[Site "Santiago de Chile"]
[Date "2008.10.15"]
[Round "3.5"]
[White "Duarte, Leonardo"]
[Black "Vargas Maliqueo, Ivan Patricio"]
[Result "1-0"]
[WhiteElo "2341"]
[BlackElo "2209"]
[PlyCount "86"]
[EventDate "2008.10.13"]
[EventType "tourn"]
[EventRounds "11"]
[EventCountry "CHI"]
[EventCategory "4"]
[Source "lmi"]
[SourceDate "2008.10.13"]

1. e4 c5 2. Nf3 Nc6 3. d4 cxd4 4. Nxd4 g6 5. Nc3 Bg7 6. Be3 Nf6 7. f3 O-O 8. g4
d5 9. g5 Ng4 10. fxg4 Nxd4 11. Bxd4 e5 12. Bc5 Qxg5 13. Qd2 Qxg4 14. Bxf8 Bxf8
15. Qe2 d4 16. Qxg4 Bxg4 17. Nd5 Bf3 18. Rg1 Kg7 19. Bd3 Rc8 20. Kf2 Bh5 21.
Rgc1 Bc5 22. b4 Bd6 23. c3 f5 24. cxd4 Rf8 25. exf5 gxf5 26. dxe5 Bxe5 27. Rab1
Rd8 28. Bc4 Bf7 29. Rd1 f4 30. Bb3 Bh5 31. Rd2 Kh6 32. Re1 Bc3 33. Re6+ Kg5 34.
Rd3 Bb2 35. Re7 Bg6 36. Rd1 Bh5 37. Rd2 Bc3 38. Rd3 Bb2 39. Rxb7 Bg6 40. Rd1
Be4 41. Rxa7 Kh4 42. Re7 Bf5 43. Rf7 Be6 1-0

[Event "Magistral Endesa Norma MI 2008"]
[Site "Santiago de Chile"]
[Date "2008.10.15"]
[Round "3.6"]
[White "Valdes Escobar, Alvaro Daniel"]
[Black "Needleman, Alejandro"]
[Result "0-1"]
[WhiteElo "2354"]
[BlackElo "2361"]
[PlyCount "56"]
[EventDate "2008.10.13"]
[EventType "tourn"]
[EventRounds "11"]
[EventCountry "CHI"]
[EventCategory "4"]
[Source "lmi"]
[SourceDate "2008.10.13"]

1. Nf3 Nf6 2. c4 c5 3. d4 cxd4 4. Nxd4 e5 5. Nb5 d5 6. cxd5 Bc5 7. e3 O-O 8.
N5c3 e4 9. Nd2 Re8 10. a3 Nbd7 11. g4 Ne5 12. Ndxe4 Bxg4 13. Be2 Nxe4 14. Nxe4
Bxe2 15. Kxe2 Qh4 16. Nxc5 Qc4+ 17. Nd3 Rad8 18. f4 Ng6 19. Kf2 Rxd5 20. Qf3
Rxd3 21. Re1 Re4 22. b3 Qd5 23. Qg2 h6 24. Ra2 Nh4 25. Qg4 Nf5 26. Rae2 Rxb3
27. Bb2 Qe6 28. Be5 Qxe5 0-1

[Event "Magistral Endesa Norma MI 2008"]
[Site "Santiago de Chile"]
[Date "2008.10.16"]
[Round "4.1"]
[White "Jorquera Cahuin, Marcelo"]
[Black "Needleman, Alejandro"]
[Result "1/2-1/2"]
[WhiteElo "2310"]
[BlackElo "2361"]
[PlyCount "68"]
[EventDate "2008.10.13"]
[EventType "tourn"]
[EventRounds "11"]
[EventCountry "CHI"]
[EventCategory "4"]
[Source "lmi"]
[SourceDate "2008.10.13"]

1. e4 c5 2. Nc3 e6 3. g3 d5 4. exd5 exd5 5. Bg2 Nf6 6. Nge2 d4 7. Ne4 Nxe4 8.
Bxe4 Bd6 9. d3 O-O 10. O-O Nd7 11. Bg2 Nf6 12. c3 h6 13. cxd4 cxd4 14. Qa4 Bc5
15. b4 Bb6 16. Bb2 Bf5 17. Rad1 Re8 18. Qc2 Qd7 19. Rfe1 g5 20. Qd2 Ng4 21. Nc1
f6 22. h3 Ne5 23. g4 Bh7 24. f4 Ng6 25. f5 Nf4 26. Re4 Kg7 27. Nb3 Bg8 28. Nc5
Bxc5 29. bxc5 Bd5 30. Rxf4 gxf4 31. Qxf4 Re2 32. Rd2 Rae8 33. Qxd4 Re1+ 34. Kf2
Qe7 1/2-1/2

[Event "Magistral Endesa Norma MI 2008"]
[Site "Santiago de Chile"]
[Date "2008.10.16"]
[Round "4.2"]
[White "Vargas Maliqueo, Ivan Patricio"]
[Black "Valdes Escobar, Alvaro Daniel"]
[Result "0-1"]
[WhiteElo "2209"]
[BlackElo "2354"]
[PlyCount "78"]
[EventDate "2008.10.13"]
[EventType "tourn"]
[EventRounds "11"]
[EventCountry "CHI"]
[EventCategory "4"]
[Source "lmi"]
[SourceDate "2008.10.13"]

1. Nf3 c5 2. e4 Nc6 3. Bb5 e6 4. Bxc6 bxc6 5. O-O d6 6. Re1 Ne7 7. d3 Ng6 8.
Nbd2 Be7 9. Nc4 O-O 10. a3 f6 11. b4 d5 12. Na5 Qc7 13. c3 e5 14. h3 Be6 15.
Qc2 f5 16. d4 fxe4 17. Nxe5 Nxe5 18. dxe5 c4 19. Be3 Rac8 20. Qa4 Bd7 21. Rab1
Qxe5 22. Nb7 Rc7 23. Nc5 Bc8 24. Bd4 Qg5 25. Kf1 Bf6 26. Be3 Qe5 27. Kg1 Qh5
28. Rbc1 Be5 29. Kf1 Qg6 30. b5 Qf6 31. Red1 Bf4 32. Bd4 Qg5 33. Rc2 Rcf7 34.
bxc6 Be3 35. Nxe4 dxe4 36. Qxc4 Ba6 37. Qxa6 Rxf2+ 38. Rxf2 Rxf2+ 39. Ke1 Qg3
0-1

[Event "Magistral Endesa Norma MI 2008"]
[Site "Santiago de Chile"]
[Date "2008.10.16"]
[Round "4.3"]
[White "Lopez Silva, Hugo Andres"]
[Black "Duarte, Leonardo"]
[Result "1/2-1/2"]
[WhiteElo "2394"]
[BlackElo "2341"]
[PlyCount "190"]
[EventDate "2008.10.13"]
[EventType "tourn"]
[EventRounds "11"]
[EventCountry "CHI"]
[EventCategory "4"]
[Source "lmi"]
[SourceDate "2008.10.13"]

1. e4 c5 2. Nf3 e6 3. d4 cxd4 4. Nxd4 Nc6 5. Nc3 Qc7 6. g3 d6 7. Ncb5 Qa5+ 8.
c3 Qd8 9. c4 a6 10. Nc3 Bd7 11. Nxc6 Bxc6 12. Qe2 Nf6 13. Nd5 Be7 14. Nxe7 Qxe7
15. Bg2 O-O 16. O-O Rfc8 17. Rd1 Rab8 18. a4 a5 19. Bg5 Rd8 20. b3 h6 21. Bd2
Qc7 22. Bc3 Nd7 23. Qe3 e5 24. Rd2 Nc5 25. Bb2 Bd7 26. h3 Be6 27. Rad1 Rd7 28.
Kh2 f6 29. f4 Qd8 30. Ba3 b6 31. f5 Bf7 32. g4 Qe7 33. h4 Kf8 34. Bh3 Ke8 35.
Kg3 Kd8 36. Bg2 Kc7 37. Bf3 Kd8 38. Qc3 Ke8 39. Kh3 Kf8 40. Qe3 Ke8 41. Kh2 Rc8
42. Rg1 Kd8 43. Rgd1 Ke8 44. Kg3 Kd8 45. Rb1 Ke8 46. Rh2 Kd8 47. Rd1 Rc6 48.
Rc1 Rc8 49. Rc3 Kc7 50. Rd2 Kd8 51. Qe1 Rc6 52. Kh3 Rc8 53. Re3 Rc6 54. Rd1 Rc8
55. Rc3 Rc6 56. Kg3 Rc8 57. Kf2 Rc6 58. Ke3 Rc8 59. Kf2 Rc6 60. Kg2 Rc8 61. Qg3
Rc6 62. Bc1 Rc8 63. g5 Kc7 64. gxh6 gxh6 65. Kh3 Rg8 66. Qf2 h5 67. Ba3 Rdd8
68. Qe3 Rg7 69. Rc2 Rdg8 70. Rg2 Rxg2 71. Bxg2 Qf8 72. Bf3 Qg7 73. Qe1 Qh6 74.
Qd2 Qxd2 75. Rxd2 Rd8 76. Rb2 Nd3 77. Rb1 Rg8 78. Rd1 Nf2+ 79. Kh2 Nxd1 80.
Bxd1 Kc6 81. Be2 Kc7 82. Bc1 Be8 83. Bf3 Bc6 84. Bh6 Be8 85. Be2 Bc6 86. Bf3
Kd7 87. Be3 Kc7 88. Kh3 Be8 89. Bf2 Kc6 90. Be3 Bf7 91. Bf2 Kd7 92. Be2 Ra8 93.
Bd1 Kc7 94. Be3 Kd7 95. Bxb6 Kc6 1/2-1/2

[Event "Magistral Endesa Norma MI 2008"]
[Site "Santiago de Chile"]
[Date "2008.10.16"]
[Round "4.4"]
[White "Sepulveda Herrera, Job Rodrigo"]
[Black "Valiente, Cristobal"]
[Result "1/2-1/2"]
[WhiteElo "2325"]
[BlackElo "2254"]
[PlyCount "49"]
[EventDate "2008.10.13"]
[EventType "tourn"]
[EventRounds "11"]
[EventCountry "CHI"]
[EventCategory "4"]
[Source "lmi"]
[SourceDate "2008.10.13"]

1. d4 Nf6 2. Nf3 g6 3. Nc3 Bg7 4. e4 d6 5. h3 O-O 6. Bg5 c6 7. Be2 b5 8. a3 Bb7
9. O-O h6 10. Bh4 g5 11. Bg3 Nh5 12. Qd2 Nxg3 13. fxg3 Nd7 14. Rad1 a6 15. h4
gxh4 16. Nxh4 e6 17. Nf3 Qe7 18. Bd3 c5 19. dxc5 Nxc5 20. Qf4 Rad8 21. Rde1 Qf6
22. Qe3 Qg6 23. Qf4 Qf6 24. Qe3 Qg6 25. Qf4 1/2-1/2

[Event "Magistral Endesa Norma MI 2008"]
[Site "Santiago de Chile"]
[Date "2008.10.16"]
[Round "4.5"]
[White "Alonso, Salvador"]
[Black "Valenzuela Fuentealba, Luis"]
[Result "1/2-1/2"]
[WhiteElo "2466"]
[BlackElo "2434"]
[PlyCount "22"]
[EventDate "2008.10.13"]
[EventType "tourn"]
[EventRounds "11"]
[EventCountry "CHI"]
[EventCategory "4"]
[Source "lmi"]
[SourceDate "2008.10.13"]

1. e4 c5 2. Nf3 d6 3. d4 cxd4 4. Nxd4 Nf6 5. Nc3 a6 6. Be3 e5 7. Nf3 Be7 8. Bc4
O-O 9. O-O Nc6 10. Qe2 Na5 11. Bb3 Be6 1/2-1/2

[Event "Magistral Endesa Norma MI 2008"]
[Site "Santiago de Chile"]
[Date "2008.10.16"]
[Round "4.6"]
[White "Luconi, Cristian"]
[Black "Cortes Moyano, Julio"]
[Result "1-0"]
[WhiteElo "2300"]
[BlackElo "2286"]
[PlyCount "115"]
[EventDate "2008.10.13"]
[EventType "tourn"]
[EventRounds "11"]
[EventCountry "CHI"]
[EventCategory "4"]
[Source "lmi"]
[SourceDate "2008.10.13"]

1. d4 Nf6 2. Nf3 g6 3. Bg5 Bg7 4. Nbd2 d6 5. c3 O-O 6. e4 c5 7. dxc5 dxc5 8.
Be2 Nc6 9. O-O Qc7 10. Qc2 h6 11. Bh4 Nh5 12. Bg3 Nxg3 13. hxg3 Be6 14. Nc4
Rfd8 15. Ne3 Rd7 16. a4 Rad8 17. Bc4 Bxc4 18. Nxc4 b6 19. Rfd1 Kf8 20. Rxd7
Qxd7 21. Ne3 e6 22. Rd1 Qc7 23. Nc4 Ke7 24. Kf1 Rb8 25. Qe2 Rd8 26. Rd3 Rd7 27.
Qd1 Qd8 28. Ke2 Rxd3 29. Qxd3 Qxd3+ 30. Kxd3 f5 31. Ne1 Be5 32. Nc2 Bc7 33.
N2e3 f4 34. gxf4 Bxf4 35. Nc2 Bc7 36. Ke3 a6 37. Ne1 b5 38. axb5 axb5 39. Na3
b4 40. Nc4 Ne5 41. Nxe5 Bxe5 42. cxb4 Bd4+ 43. Ke2 cxb4 44. b3 Kd6 45. Nd3 Bc5
46. Kf3 e5 47. Kg3 Ba7 48. Nxb4 Kc5 49. Nd5 Kd4 50. f3 Bc5 51. Kf2 Kd3+ 52. Kg3
Bd6 53. Kg4 Kc2 54. b4 Kb3 55. b5 Kc4 56. b6 Kc5 57. b7 Kc6 58. Ne7+ 1-0